000
00202 a2200097 4500
001
47239
100
_a
Wayne
245
_a
Two Odd Soldiers
260
_a
London
_b
George Allen
_c
090
_c
30287
_d
30287
942
_a
NUST-CAE
_c
M
_c
22544
999
_c
282312
_d
282312